Lý thuyết xác suất và thống kê

Nội dung gồm: Không gian xác suất, phân phối xác suất, véctơ ngẫu nhiên, các số đặc trưng của biến ngẫu nhiên.

Enregistré dans:
Détails bibliographiques
Auteur principal: Đinh, Văn Gắng
Format: Livre
Langue:Undetermined
Publié: Hà Nội Giáo dục 2009
Sujets:
Tags: Ajouter un tag
Pas de tags, Soyez le premier à ajouter un tag!
Thư viện lưu trữ: Trung tâm Học liệu Trường Đại học Cần Thơ
LEADER 00790nam a2200217Ia 4500
001 CTU_142929
008 210402s9999 xx 000 0 und d
020 |c 23000 
082 |a 519.2 
082 |b G116 
100 |a Đinh, Văn Gắng 
245 0 |a Lý thuyết xác suất và thống kê 
245 0 |c Đinh Văn Gắng 
260 |a Hà Nội 
260 |b Giáo dục 
260 |c 2009 
520 |a Nội dung gồm: Không gian xác suất, phân phối xác suất, véctơ ngẫu nhiên, các số đặc trưng của biến ngẫu nhiên. 
650 |a Mathematical statistics,Toán thống kê 
650 |x Probabilities,Xác suất 
904 |i QHieu 
980 |a Trung tâm Học liệu Trường Đại học Cần Thơ